Protection at a premium (Record no. 76810)
[ view plain ]
| 000 -LEADER | |
|---|---|
| fixed length control field | 00936cab a2200181 4500 |
| 001 - CONTROL NUMBER | |
| control field | ##L133113 |
| 008 - FIXED-LENGTH DATA ELEMENTS--GENERAL INFORMATION | |
| fixed length control field | 060411n2006 000 0 eng u |
| 035 ## - SYSTEM CONTROL NUMBER | |
| System control number | (Sirsi) u133113 |
| 041 0# - LANGUAGE CODE | |
| Language code of text/sound track or separate title | eng |
| 100 1# - MAIN ENTRY--PERSONAL NAME | |
| Personal name | Sacks, Alan |
| 245 00 - TITLE STATEMENT | |
| Title | Protection at a premium |
| 260 ## - PUBLICATION, DISTRIBUTION, ETC. | |
| Date of publication, distribution, etc. | 2006 |
| 490 #0 - SERIES STATEMENT | |
| Series statement | Accountancy |
| Volume/sequential designation | 137(1352) April 2006, 66-70(4) |
| 520 ## - SUMMARY, ETC. | |
| Summary, etc. | Tax authority investigations of a client can create cash flow problems for the workplace. The current list of possibilities includes income tax and corporate tax full and aspect enquiries, VAT disputes, and employer compliance disputes covering IR35, PAYE, NIC and P11D. This paper examines how professional fees insurance schemes can enable practices to insure against fees jeopardised in this way, but also highlights it's sometimes costly disadvantages. |
| 590 ## - LOCAL NOTE (RLIN) | |
| Local note | IKA110406 |
| 690 ## - LOCAL SUBJECT ADDED ENTRY--TOPICAL TERM (OCLC, RLIN) | |
| Topical term or geographic name as entry element | PROPERTY-COMMERCIAL PROPERTY-COMMERCIAL PROPERTY FINANCE AND INVESTMENT |
| 942 ## - ADDED ENTRY ELEMENTS (KOHA) | |
| Suppress in OPAC | 0 |
| Withdrawn status | Lost status | Source of classification or shelving scheme | Damaged status | Not for loan | Home library | Current library | Shelving location | Date acquired | Total Checkouts | Full call number | Barcode | Date last seen | Copy number | Price effective from | Koha item type |
|---|---|---|---|---|---|---|---|---|---|---|---|---|---|---|---|
| Dewey Decimal Classification | London | London | Journal article | 11/04/2006 | L133113 | 133113-1001 | 06/08/2019 | 1 | 06/08/2019 | Journal article |